Constitución Política de la República de Chile
Gespeichert in:
| Format: | Buch |
|---|---|
| Sprache: | Spanisch |
| Veröffentlicht: |
Santiago
Jurídica de Chile
1973
|
| Schlagworte: | |
| Tags: |
Tag hinzufügen
Keine Tags, Fügen Sie den ersten Tag hinzu!
|
MARC
| LEADER | 00000nam a2200000 a 4500 | ||
|---|---|---|---|
| 001 | UCT9677 | ||
| 003 | CL-VaPUC | ||
| 008 | 970411e19730500CL |||||||||||||||||spa|d | ||
| 082 | 0 | 4 | |a 342.83 |b CON |2 21 |
| 245 | 1 | 0 | |a Constitución Política de la República de Chile |
| 300 | |a 78 p | ||
| 942 | |c BK | ||
| 945 | |d 19970411 00:00:00 |a paguirre | ||
| 260 | |a Santiago |b Jurídica de Chile |c 1973 | ||
| 500 | |a Texto actualizado al 31 de Mayo de 1973 | ||
| 650 | 7 | |a CONSTITUCION 1925 |2 CL-VaPUC |9 258619 | |
| 650 | 0 | |a Constituciones |9 255417 | |
| 650 | 0 | |a Derecho constitucional |9 222588 | |
| 650 | 0 | |a Derechos civiles y políticos |9 338684 | |
| 650 | 0 | |a Ciudadanía |9 258339 | |
| 650 | 0 | |a Nacionalidad |9 357571 | |
| 650 | 0 | |a Poder ejecutivo |9 255177 | |
| 650 | 0 | |a Poder legislativo |9 258808 | |
| 650 | 0 | |a Poder judicial |9 254871 | |
| 651 | 7 | |a CHILE |2 CL-VaPUC |9 382588 | |
| 583 | |a last modification |c 19970411 00:00:00 |k Rodrigo Vera | ||
| 999 | |c 258056 |d 258054 | ||
| 952 | |0 0 |1 0 |2 ddc |4 0 |6 342_830000000000000_CON_1973 |7 0 |8 A |9 281844 |a BIBDER |b BIBDER |d 2019-11-19 |i 1828568 |o 342.83 CON 1973 |p 1828568 |r 2023-01-25 |w 2019-11-19 |y MX |k DER | ||